Devine le personnage disney ou pixar #9 - Statistiques

Statistiques générales
  • Ce quiz a été pris 638 fois
  • Le résultat moyen est 6 sur 10
Statistiques - réponses
Hint Indice Réponse % Correct
3 Fourrure, méchante, noir et blanc Cruella
95%
2 Chien, errant, spaghetti Clochard
91%
4 Blanche, noeud rose, chaton Marie
79%
1 Souris, international Mickey
73%
9 Gorilles, femme, rencontre Jane
61%
7 Petite fille, monstres, couette Bouh
58%
10 Prince, grenouille Naveen
56%
5 Père, inventeur Maurice
40%
6 Petit, nourriture, raton laveur Meeko
32%
8 Glace, homme, pixar Frozone
18%
Aucun quiz correspondant
Distribution des résultats
% des personnes avec chaque résultat
Percentile par nombre de réponses
Votre historique - résultats
Vous n’avez pas pris ce quiz